Metro stations in Lyon Quiz Stats

Quiz not verified by Sporcle

Challenge
Share
Tweet
Embed
Score 0/39 Timer 10:00
0 Plays Today
Line Station % Correct
BPerrache
91.2%
A, DBellecour
84.2%
DPart-Dieu
77.2%
DVieux-Lyon - Cathédrale Saint-Jean
77.2%
A, CHôtel de Ville - Louis Pradel
70.2%
B, DStade de Gerland
70.2%
DSaxe-Gambetta
70.2%
A, BCharpennes - Charles Hernu
66.7%
AFoch
66.7%
ACordeliers
64.9%
CCroix-Rousse
64.9%
BJean Macé
64.9%
BBrotteaux
61.4%
AGratte-Ciel
61.4%
DGare de Vaise
61.4%
DMasséna
61.4%
CCuire
59.6%
DVaulx-en-Velin - La Soie
59.6%
AAmpère - Victor Hugo
57.9%
BDebourg
57.9%
Line Station % Correct
DGare de Vénissieux
57.9%
APlace Guichard
57.9%
DGorge de Loup
56.1%
DGuillotière
56.1%
BRépublique - Villeurbane
56.1%
DGaribaldi
52.6%
ALaurent Bonnevay - Astroballe
52.6%
ACusset
50.9%
ASans-Souci
50.9%
CCroix-Paquet
49.1%
BPlace Jean Jaurès
49.1%
BValmy
49.1%
DGrange-Blanche
45.6%
AFlachet
43.9%
DParilly
43.9%
ALaënnec
42.1%
CHénon
38.6%
DMonplaisir-Lumière
38.6%
AMermoz-Pinel
33.3%

You're not logged in!

Compare scores with friends on all Sporcle quizzes.
Join for Free
OR
Log In

You Might Also Like...

Show Comments

Extras

Created May 9, 2012ReportNominate
Tags:lyon, metro, station

Top Quizzes Today


Score Distribution

Your Account Isn't Verified!

In order to create a playlist on Sporcle, you need to verify the email address you used during registration. Go to your Sporcle Settings to finish the process.

Report this User

Report this user for behavior that violates our Community Guidelines.

Details: